Movies Quiz

Random Movies or Star Wars Quiz

Star Wars bounty hunters Quiz Stats

 Plays Quiz not verified by Sporcle

Support Sporcle.
Go Orange.
Score 0/9 Timer 06:00
0 Plays Today
Picture Answer % Correct
3.Boba Fett
98.4%
8.Jango Fett
95.8%
4.Bossk
86.8%
9.IG-88
82.1%
7.Dengar
77.9%
2.Greedo
72.1%
1.4-LOM
64.7%
6.Cad Bane
56.3%
5.Aurra Sing
51.6%

You're not logged in!

Compare scores with friends on all Sporcle quizzes.
OR
Log In

From the Vault

Homer or Homer?

by Flick

Why not both? If things don't go too well you could always just go home.
Remove Ads.
Support Sporcle.
Get the best of Sporcle when you Go Orange. This ad-free experience offers more features, more stats, and more fun while also helping to support Sporcle. Thank you for becoming a member.

Show Comments

Extras

Top Quizzes Today


Score Distribution

Your Account Isn't Verified!

In order to create a playlist on Sporcle, you need to verify the email address you used during registration. Go to your Sporcle Settings to finish the process.

Report this User

Report this user for behavior that violates our Community Guidelines.

Details: